<?xml version="1.0" encoding="UTF-8"?>
<record
    xmlns:xsi="http://www.w3.org/2001/XMLSchema-instance"
    xsi:schemaLocation="http://www.loc.gov/MARC21/slim http://www.loc.gov/standards/marcxml/schema/MARC21slim.xsd"
    xmlns="http://www.loc.gov/MARC21/slim">

  <leader>01096    a2200145   4500</leader>
  <controlfield tag="003">Nust</controlfield>
  <controlfield tag="005">20230208095904.0</controlfield>
  <datafield tag="040" ind1=" " ind2=" ">
    <subfield code="c">Nust</subfield>
  </datafield>
  <datafield tag="082" ind1=" " ind2=" ">
    <subfield code="a">954.1,REP</subfield>
  </datafield>
  <datafield tag="245" ind1=" " ind2=" ">
    <subfield code="a">Reoprt of the Constitution Commission Pakistan / </subfield>
    <subfield code="c">Constitution Commission  Of Pakistan</subfield>
  </datafield>
  <datafield tag="300" ind1=" " ind2=" ">
    <subfield code="a">177:p</subfield>
  </datafield>
  <datafield tag="505" ind1=" " ind2=" ">
    <subfield code="a">Introductory (Page-1), Causes of  the Failure the Parliamentary From of Government (Page-5), From of Government Parliamentary or Presidential (Page-19), From of Government &#x2013; Unitary or Federal (Page-32), Legislature &#x2013; Unicameral or Bicameral (Page-45), Chocks and Balances (Page-52), The Electorate (Page-64), Provision Regarding the President and the Vice &#x2013;President (Page-82), The Judiciary (Page-87), Fundamental Rights and Directive Principles (Page-101), Services (Page-106), Preamble  and Islamic Provisions (Page-114), The Amendment of the Constitution  (Page-127), Indemnity Provision (Page-129), Miscellaneous (Page-131), Temporary and Transitional Provision (Page-134), Conclusion (Page-138).&#x2003;</subfield>
  </datafield>
  <datafield tag="650" ind1=" " ind2=" ">
    <subfield code="a">Constitution Commission Pakistan</subfield>
    <subfield code="9">108720</subfield>
  </datafield>
  <datafield tag="942" ind1=" " ind2=" ">
    <subfield code="2">ddc</subfield>
    <subfield code="c">BK</subfield>
    <subfield code="k">954.1,REP</subfield>
  </datafield>
  <datafield tag="999" ind1=" " ind2=" ">
    <subfield code="c">187469</subfield>
    <subfield code="d">187469</subfield>
  </datafield>
  <datafield tag="952" ind1=" " ind2=" ">
    <subfield code="0">0</subfield>
    <subfield code="1">0</subfield>
    <subfield code="2">ddc</subfield>
    <subfield code="4">0</subfield>
    <subfield code="7">0</subfield>
    <subfield code="a">MCS</subfield>
    <subfield code="b">MCS</subfield>
    <subfield code="c">GEN</subfield>
    <subfield code="d">2016-12-12</subfield>
    <subfield code="o">954.1,REP</subfield>
    <subfield code="p">MCS29470</subfield>
    <subfield code="r">2016-12-08</subfield>
    <subfield code="w">2016-12-12</subfield>
    <subfield code="y">BK</subfield>
    <subfield code="z">Almirah No. 61, Shelf No. 5</subfield>
  </datafield>
</record>
